Регионална библиотека "Любен Каравелов" - Русе

География на населението и селищата (Запис номер 8536)

MARC детайли
000 -Лидер
Контролно поле с фиксирана дължина 01796nam a2200385 c 4500
003 - Код на организацията, давaща контролен номер
Контролно поле BLK
005 - Дата и час на последна редакция
Контролно поле 20230406131341.0
008 - Елементи от данни с фиксирана дължина
fixed length control field 180412b bul|||||r ||||||| ||bul||
010 ## - Наследен системен номер
LC control number KNG00009891000
020 ## - Международен стандартен номер на книга ISBN
Международен стандартен номер на книга ISBN 954-524-129-2
-- издат.: Унив. изд. Св. св. Кирил и Методий
040 ## - Източник на каталожния запис
Идентификатор на билиотеката - собственик на записа BLK
041 ## - Код за език
Код за езика на текст/звукозапис или на отделно заглавие Български
Код за езика КДБФ Български
080 ## - УДК
Текстов определител УДК География на населението
УДК код - определител по УДК 911.3:314
УДК определител (075.8)
УДК - код + определител 911.3:314(075.8)
080 ## - УДК
Текстов определител УДК География на населените места
УДК код - определител по УДК 911.37
УДК определител (075.8)
УДК - код + определител 911.37(075.8)
100 1# - Редна дума - Автор
Автор Славейков, Петър Лозанов
Дати, свързани с автора 1956-2019
Автор - информация (биография) Географ, историк, юрист
R(LIN) 372144
139 ## - Редно поле
Редна дума Славейков, Петър и др.
Авторски знак Славе - С 42
245 10 - Сведения за заглавието
Заглавие География на населението и селищата
Подзаглавни данни Учебник за студентите от Великотърновския унив. Св. св. Кирил и Методий
Редно поле (дума) Петър Славейков; съавт. Румен Янков.
257 ## - Страна на издаване
Страна на създаване/издаване България
260 ## - Област на издателските данни
-- В. Търново
Име на издателя, разпространителя и проч. Унив. изд. Св. св. Кирил и Методий
Година на издаване 1995
300 ## - Физическа характеристика
Страници 276 с.
Илюстрации и др. с ил.
Размери/Мащаб 23 см
380 ## - Жанр
Жанр География
500 ## - Общи забележки
Забележка Библиогр. с. 269-271 ; Рез. на англ. ез.
650 #4 - Допълнително описание по предмет – тема
Основно описание – тема или топоним География - на населението - учебници за ВУЗ
9 (RLIN) 253584
650 #4 - Допълнително описание по предмет – тема
Основно описание – тема или топоним География - на селищата - учебници за ВУЗ
9 (RLIN) 253585
653 ## - Ключова дума – ненормативна
Ключова дума география
653 ## - Ключова дума – ненормативна
Ключова дума население
653 ## - Ключова дума – ненормативна
Ключова дума селища
653 ## - Ключова дума – ненормативна
Ключова дума учебници за ВУЗ
700 1# - Други автори (авторска отговорност)
Лично име Янков, Румен
Автороска отговорност (Описва отношението между автора и произведението) съавт.
9 (RLIN) 253583
852 ## - Местоположение
Форматна сигнатура Цб 184802
856 4# - Електронен адрес и достъп
Електронен формат pdf - файл
Път до файла /url/
856 4# - Електронен адрес и достъп
Електронен формат pdf - файл
Път до файла /url/
942 ## - АРТИКУЛИ
Вид на библиотечния материал Книги
Скрит в OPAC Не
944 ## - СЪЗДАВАНЕ И РЕДАКЦИЯ на ЗАПИСА
Създаване/Редакция Създаване
Дата на регистрацията/редакция 15.01.2003
Служител, извършил регистрацията/редакцията Пенка_Димитрова
944 ## - СЪЗДАВАНЕ И РЕДАКЦИЯ на ЗАПИСА
Създаване/Редакция Редакция
Дата на регистрацията/редакция 26.05.2017
Служител, извършил регистрацията/редакцията Виолета_Тройчева
999 ## - СИСТЕМНИ КОНТРОЛНИ НОМЕРА
Koha biblionumber 8536
Koha biblioitemnumber 8536
Наличности
Код за отписване Код за изгубен артикул Източник на класификационната схема Код за повреда Коз за рестрикции Код за отдаване Артикулен № Име на библиотеката - собственик Име на библиотеката, в която се намира в момента Статус (Текущо местоположение) Дата на вписване в системата Местоположение - отдел Цена в лева Инвентарен номер Систематично азбучна сигнатура Баркод Номер на екземпляра Цена в евро Служебна бележка Служебен тип на артикула
  Не е изгубен Universal Decimal Classification Не е повреден без рестрикции ползва се в читалня 14800 Регионална библиотека "Любен Каравелов" Русе Регионална библиотека "Любен Каравелов" Русе Хранилище 2001-01-01 Хранилище 1.34 618431 Цб 184802 120000618431 1 0.69 Дост: Dp Вид: Д N: стар фонд Дата: 01.01.2001 Дата инв: 18.08.2014 Бележки инв: Цб2014 Книги
Изтеглен Не е изгубен Universal Decimal Classification Не е повреден без рестрикции заемане за дома 14801 Регионална библиотека "Любен Каравелов" Русе Регионална библиотека "Любен Каравелов" Русе Заемна - подръчен фонд 2001-01-01 Заемна - подръчен фонд 1.34 622872 П 911/С 42 622872 2 0.69 Дост: Pk Вид: Ф N: стар фонд Дата: 01.01.2001 Книги
Vip Innovations Ltd, Rousse, Bulgaria 2025